<?xml version="1.0" encoding="UTF-8"?>
<collection xmlns="http://www.loc.gov/MARC21/slim">
 <record>
  <leader>01333cam a2200241 7i4500</leader>
  <controlfield tag="001">0000056762</controlfield>
  <controlfield tag="005">20081115090000.0</controlfield>
  <controlfield tag="008">080303s1997                        eng   </controlfield>
  <datafield tag="090" ind1="0" ind2="0">
   <subfield code="a">TD 180 </subfield>
   <subfield code="b">.I5 1997</subfield>
  </datafield>
  <datafield tag="245" ind1="0" ind2="0">
   <subfield code="a">Industrial processes and waste stream management. Pollution prevention : </subfield>
   <subfield code="b">clearing the air  </subfield>
   <subfield code="c">INTELECOM Intelligent Communications.</subfield>
  </datafield>
  <datafield tag="260" ind1="0" ind2="0">
   <subfield code="a">Pasadena, CA: </subfield>
   <subfield code="b">INTELECOM, </subfield>
   <subfield code="c">1997.</subfield>
  </datafield>
  <datafield tag="300" ind1=" " ind2=" ">
   <subfield code="a">1 videocassette (ca. 29 min.): </subfield>
   <subfield code="b">sd., col.; </subfield>
   <subfield code="c">1/2 in..</subfield>
  </datafield>
  <datafield tag="490" ind1="0" ind2="0">
   <subfield code="a">Preserving the legacy</subfield>
  </datafield>
  <datafield tag="508" ind1=" " ind2=" ">
   <subfield code="a">Producer/director, David Weisman ; writer, Christopher Breyer</subfield>
  </datafield>
  <datafield tag="511" ind1="0" ind2="0">
   <subfield code="a">Narrator, Randy Oglesby</subfield>
  </datafield>
  <datafield tag="520" ind1="0" ind2="0">
   <subfield code="a">This video focuses on the exploration of the processes involved in pollution prevention or minimization of waste as they relate to clearing the air. Industries featured are a major gasoline producer and their approach to promote a less polluting solution to auto exhaust emissions and small shop owners in the dry cleaning industry</subfield>
  </datafield>
  <datafield tag="538" ind1="0" ind2="0">
   <subfield code="a">VHS</subfield>
  </datafield>
  <datafield tag="650" ind1="0" ind2="0">
   <subfield code="a">Pollution </subfield>
  </datafield>
  <datafield tag="650" ind1="0" ind2="0">
   <subfield code="a">Source reduction (Waste management) </subfield>
  </datafield>
  <datafield tag="650" ind1="0" ind2="0">
   <subfield code="a">Pollution -- </subfield>
   <subfield code="x">Environmental aspects </subfield>
  </datafield>
  <datafield tag="710" ind1="2" ind2="1">
   <subfield code="a">INTELECOM Intelligent Telecommunications (Firm) </subfield>
  </datafield>
  <datafield tag="999" ind1=" " ind2=" ">
   <subfield code="a">1100052699</subfield>
   <subfield code="b">Video</subfield>
   <subfield code="c">Bahan Sumber Media</subfield>
   <subfield code="e">BILIK BAHAN SUMBER MEDIA</subfield>
  </datafield>
  <datafield tag="999" ind1=" " ind2=" ">
   <subfield code="a">1100057520</subfield>
   <subfield code="b">Video Compact Disc</subfield>
   <subfield code="c">Bahan Sumber Media</subfield>
   <subfield code="e">BILIK BAHAN SUMBER MEDIA</subfield>
  </datafield>
 </record>
</collection>
